Từ triết học hướng nội đến chủ nghĩa duy vật biện chứng
Kaydedildi:
| Yazar: | |
|---|---|
| Materyal Türü: | Kitap |
| Dil: | Undetermined |
| Baskı/Yayın Bilgisi: |
Tp. HCM
Trẻ
|
| Konular: | |
| Etiketler: |
Etiketle
Etiket eklenmemiş, İlk siz ekleyin!
|
| Thư viện lưu trữ: | Trung tâm Học liệu Trường Đại học Cần Thơ |
|---|
| LEADER | 00547nam a2200169Ia 4500 | ||
|---|---|---|---|
| 001 | CTU_55526 | ||
| 008 | 210402s9999 xx 000 0 und d | ||
| 020 | |b 18000 | ||
| 082 | |a 181.1 | ||
| 082 | |b Nh500 | ||
| 100 | |a Trần Thu | ||
| 245 | 0 | |a Từ triết học hướng nội đến chủ nghĩa duy vật biện chứng | |
| 245 | 0 | |c Trần Nhu | |
| 260 | |a Tp. HCM | ||
| 260 | |b Trẻ | ||
| 650 | |a philosophy, oriental,philosopy, chinese,dialectical materialism | ||
| 980 | |a Trung tâm Học liệu Trường Đại học Cần Thơ | ||